| 000 | 01357cad a22002295a 4500 | ||
|---|---|---|---|
| 001 | L140712 | ||
| 008 | 071008e20071005xxk g f000 0 eng d | ||
| 035 | _a(Sirsi) u140712 | ||
| 041 | 0 | _aeng | |
| 110 | 1 |
_aUnited Kingdom _bDepartment for Communities and Local Government _94939 |
|
| 245 | 0 | 0 |
_aTenant deposits now safer _h[electronic resource] |
| 260 | _c2007 | ||
| 490 |
_aDCLG News Release _v5 October 2007 |
||
| 520 | _aReports on the effects of the Tenancy Deposit Protection (TDP) schemes which were introduced on 6 April this year. Landlords and agents are now obliged to sign up with one of the three government-backed schemes when taking deposits for new shorthold assured tenancies. Figures show that in the first six months almost 500 000 deposits have been protected, amounting to some £450m. The average deposit per tenancy is £889. | ||
| 590 | _aKA NTK | ||
| 650 | 2 | 4 | _aTENANCY DEPOSIT SCHEME (TDS) |
| 651 | 4 |
_aUnited Kingdom _y |
|
| 690 | _aPROPERTY-RESIDENTIAL PROPERTY-RESIDENTIAL LANDLORD AND TENANT-RESIDENTIAL TENANCIES-ASSURED TENANCIES | ||
| 690 | _aABOUT RICS-RICS PROFESSIONAL REGULATION AND CONSUMER PROTECTION-TENANCY DEPOSIT SCHEME | ||
| 856 | 4 | 0 |
_uhttps://webarchive.nationalarchives.gov.uk/+/http://www.communities.gov.uk/news/corporate/499826 _zView the article free of charge at www.communities.gov.uk... |
| 942 | _n0 | ||
| 999 |
_c79321 _d79321 |
||